000 00523nam a2200181Ia 4500
999 _c6008
_d6008
003 OSt
005 20200116155610.0
008 190216s9999||||xx |||||||||||||| ||und||
020 _a8176635979
040 _coclc
082 _a657.42
_bJAI/P
100 _aJain, S P
_91169
245 0 _aPractical Problems In Cost Accounting /
_cS P Jain ; K L Narang
250 _a10th ed.
260 _bKalyani Publishers,
_c2000.
_aNew Delhi:
300 _a201p
942 _cBK
_2ddc
_h657.42
_iJAI/P
_k657.42
_mJAI/P